| 000 | 00805nam a22001937a 4500 | ||
|---|---|---|---|
| 999 |
_c11117 _d11117 |
||
| 003 | AR-CdUCM | ||
| 008 | 190402b ||||| |||| 00| 0 spa d | ||
| 040 |
_aMUNICIPALIDAD PROVINCIAL DEL CUSCO _cBIBLIOTECA MUNICIPAL DEL CUSCO |
||
| 082 |
_aEP / 376.36 / _bC41 |
||
| 100 |
_aAlumnos del colegio ¨Madre Admirable¨ de el Agustino _928295 |
||
| 245 |
_aCerro San Pedro : _bLibro de lectura para niños hecho por niños / |
||
| 260 |
_aLima : _bEdit. Loreza, |
||
| 300 |
_a52 paginas ; _bIlustraciones, _c28 cm. |
||
| 505 | _aContenido :Como era antes el cerro San Pedro --El San Pedro --Las minas del Calicanto --El cerro San Pedro en 1946 --Historia antigua del cerro San Pedro ... | ||
| 650 |
_aEducación primaria _91561 |
||
| 650 |
_aLectura infantil _928296 |
||
| 942 |
_2ddc _cLIBROS |
||
| 945 | _arjall | ||